01645nam a2200241 a 450000100100000000500170001000800410002704000250006808200180009310000470011124501360015826000500029430000280034450504570037259000260082965100710085570000560092691000370098295201300101995201160114995201210126599900170138600002384120200930022516.0110114s1978 dr a 000 0 spa d aDO-SdBNPbspacBNPHU a972.93bR696e1 aRodríguez Pereira, Miguel Ángel94905410aEsbozos de mi patria :bconceptos históricos /cMiguel Ángel Rodríguez Pereira ; prólogo E. Generoso de Marchena Echenique. aSanto Domingo :bEducativa Dominicana,c1978. a267 p. :bil. ;c22 cm.0 tPrehistoria --tDescubrimiento, conquista y colonización --tÉpoca de guerras contra potencias mundiales --tInvasión haitiana y período pre-independencia --tPeríodos de la independencia hasta la anexión --tGuerra contra España y período de la Restauración (1863-1865) --tSucesos desde la Restauración (1865) a la tiranía de Hereaux (1899) --tGobiernos desde Figueredo (1899) al del Dr Francisco Henríquez y Carvajal (1916). aInventariado, 2020/BT 4aRepública DominicanaxHistoriavENSAYOS, CONFERENCIAS,ETC.922031 aMarchena Echenique, E. Generoso de,epról.949055 aValidado. Control de calidad EMS 001054708DSaGRbGRcHDd2015-02-17iLF1l0o972.93 R696ep23841-30r2020-06-25te.3w2020-06-25yLFDSZPréstamo en sala 0010718PDaPDbPDcHDd2011-03-21iLF1l0o972.93 R696ep23841-10r2020-06-25w2020-06-25yLFPDZNo se presta 0010718PDaPDbPDcHDd2014-05-12iLF1l0o972.93 R696ep23841-20r2020-06-25te.2w2020-06-25yLFPDZNo se presta c23337d23337